Middle East Cities by Pictures - Statistics

General Stats
  • This quiz has been taken 417 times
    209 since last reset
  • The average score is 8 of 15
Answer Stats
Picture Answer % Correct
Mecca
90%
Doha
80%
Riyadh
68%
Tehran
67%
Istanbul
66%
Cairo
65%
Luxor
60%
Abu Dhabi
55%
Sana'a
46%
Jerusalem
43%
Beirut
38%
Damascus
37%
Muscat
32%
Isfahan
20%
Izmir
19%
No matching quizzes found
Score Distribution
Percent of People with Each Score
Percentile by Number Answered
Your Score History
You have not taken this quiz since the last reset